000 02606nam a22002537a 4500
008 251111b |||||||| |||| 00| 0 eng d
020 _a9788490669297
040 _cTBS
041 _aspa
050 _aPQ6653.E62
_bI54 2021
100 _aCercas, Javier
_d1962-
_925458
_eauthor
245 _aIndependencia
_c/ Javier Cercas.
260 _aBarcelona :
_bTusquets Editores,
_c2021.
300 _a395 pages ;
_c23 cm.
490 _aTerra alta ;
_vbk. 2
520 _a¿Cómo enfrentarse a quienes manejan el poder en las sombras? ¿Cómo vengarse de quienes más daño te han hecho? Vuelve Melchor Marín. Y a Barcelona, donde es reclamado para investigar un caso vidrioso: están chantajeando con un vídeo sexual a la alcaldesa de la ciudad. Cargado con su pesar por no haber encontrado a los asesinos de su madre, pero también con su inflexible sentido de la justicia y su rocosa integridad moral, Melchor debe desmontar una extorsión que no se sabe si persigue el simple beneficio económico o la desestabilización política, y, para hacerlo, se adentra en los círculos del poder, un lugar donde reinan el cinismo, la ambición sin escrúpulos y la brutalidad corrupta. Por ahí, esta novela absorbente y salvaje, poblada de una pléyade de personajes memorables, se convierte en un retrato demoledor de la élite político-económica barcelonesa, pero sobre todo en un furioso alegato contra la tiranía de los dueños del dinero y los amos del mundo
520 _aHow do you confront those who wield power from the shadows? How do you take revenge on those who have hurt you the most? Melchor Marín returns—and to Barcelona, where he is called in to investigate a delicate case: the city’s mayor is being blackmailed with a sex video. Burdened by the pain of never having found his mother’s killers, yet driven by his unyielding sense of justice and rock-solid moral integrity, Melchor must unravel an extortion scheme whose motives are unclear—whether it’s simple financial gain or a plot to create political chaos. As he ventures into the inner circles of power—a realm ruled by cynicism, ruthless ambition, and corrupt brutality—this gripping, ferocious novel unfolds as both a devastating portrait of Barcelona’s political and economic elite and a furious denunciation of the tyranny of money and the masters of the world.
650 0 _aExtortion investigation
_926464
650 0 _aPolice
_zSpain
_zBarcelona
_926465
650 0 _aPolitical corruption
_97918
651 0 _aBarcelona (Spain)
_922511
655 0 _aDetective and mystery fiction
_923664
942 _2lcc
999 _c5167
_d5167